000 00255nam a2200097Ia 4500
001 683223
005 20250826161434.0
008 250824s9999 xx 000 0 und d
245 0 _aALLAH AŞKINA DUA ET
_cTALHA BORA ÖGE
260 _bKARATAY AKADEMİ YAYINLARI
999 _c683223
_d683223